<?xml version="1.0" encoding="UTF-8"?><?xml-stylesheet type="text/xsl" href="static/style.xsl"?><OAI-PMH xmlns="http://www.openarchives.org/OAI/2.0/" xmlns:xsi="http://www.w3.org/2001/XMLSchema-instance" xsi:schemaLocation="http://www.openarchives.org/OAI/2.0/ http://www.openarchives.org/OAI/2.0/OAI-PMH.xsd"><responseDate>2026-04-17T04:31:03Z</responseDate><request verb="GetRecord" identifier="oai:www.recercat.cat:2072/217936" metadataPrefix="marc">https://recercat.cat/oai/request</request><GetRecord><record><header><identifier>oai:recercat.cat:2072/217936</identifier><datestamp>2024-12-11T19:50:11Z</datestamp><setSpec>com_2072_5165</setSpec><setSpec>com_2072_5163</setSpec><setSpec>col_2072_5170</setSpec></header><metadata><record xmlns="http://www.loc.gov/MARC21/slim" xmlns:dcterms="http://purl.org/dc/terms/" xmlns:xsi="http://www.w3.org/2001/XMLSchema-instance" xmlns:doc="http://www.lyncode.com/xoai" xsi:schemaLocation="http://www.loc.gov/MARC21/slim http://www.loc.gov/standards/marcxml/schema/MARC21slim.xsd">
   <leader>00925njm 22002777a 4500</leader>
   <datafield ind2=" " ind1=" " tag="042">
      <subfield code="a">dc</subfield>
   </datafield>
   <datafield ind2=" " ind1=" " tag="720">
      <subfield code="a">Garrido Costa, Laia</subfield>
      <subfield code="e">author</subfield>
   </datafield>
   <datafield ind2=" " ind1=" " tag="260">
      <subfield code="c">2013-09-26</subfield>
   </datafield>
   <datafield ind2=" " ind1=" " tag="520">
      <subfield code="a">El terme microcrèdit és un concepte cada vegada més utilitzat dintre de l'àmbit econòmic i social. Tanmateix, hi ha molts interrogants sobre el que realment són i de l'impacte que poden arribar a ocasionar en la societat. Amb aquesta finalitat, es detallarà què són els microcrèdits, s'explicaran els seus orígens i si el desenvolupament d'aquest tipus de préstecs són sostenibles per part d'una entitat. Així com també, si és possible l’eradicació de la pobresa mitjançant els mateixos. Es durà a terme una breu introducció del concepte microfinances, finalitzant amb una proposta de creació d'un programa de microcrèdit a la cooperació internacional dins de la Universitat Abat Oliba CEU.</subfield>
   </datafield>
   <datafield ind1="8" ind2=" " tag="024">
      <subfield code="a">http://hdl.handle.net/2072/217936</subfield>
   </datafield>
   <datafield ind2="0" ind1="0" tag="245">
      <subfield code="a">Microcréditos y universidad: motor de emprendeduría</subfield>
   </datafield>
</record></metadata></record></GetRecord></OAI-PMH>